Lista en mano (Registro nro. 303500)

Detalles MARC
000 -ENCABEZADO
Número de control [NR] 01200cam a22002894a 4500
005 - FECHA Y HORA DE LA ÚLTIMA TRANSACCIÓN
control field 20160613120728.0
008 - DE LONGITUD FIJA DE DATOS DE ELEMENTOS - INFORMACIÓN GENERAL
Elementos de longitud fija [NR] 160613s2005 ck a fr 001 0 spa d
010 ## - NUMERO DE CONTROL DE LA BIBLIOTECA DEL CONGRESO (LC) [NR]
Número de control LC [NR] 2005428993
020 ## - NUMERO INTERNACIONAL NORMALIZADO PARA LIBROS [R]
Número Internacional Normalizado del libro [NR] 9588258030
040 ## - FUENTE DE CATALOGACION [NR]
Agencia de catalogación original [NR] CO-BoUCM
Idioma de catalogación [NR] spa
Quien Cataloga Sandra Palacio
Quien Clasifica Sandra Palacio
041 0# - CODIGO DE IDIOMA [R]
Código de idioma para texto/pista de sonido o título separado [R] Español
100 1# - ASIENTO PRINCIPAL--NOMBRE PERSONAL [NR]
Nombre personal [NR] Orejuela Díaz, Libardo
ID Autoridad 66329
245 10 - MENCION DE TITULO [NR]
Título [NR] Lista en mano
Parte restante del título [NR] de las listas negras a la lista Clinton
Mención de responsabilidad, etc. [NR] Libardo Orejuela Díaz ; prólogo y entrevistas, Jotamario Arbeláez
260 ## - PUBLICACION, DISTRIBUCION, ETC. (PIE DE IMPRENTA) [R]
Lugar de publicación, distribución, etc. [R] Bogotá (Colombia)
Nombre del editor, distribuidor, etc. [R] Ediciones SEM
Fecha de publicación, distribución, etc. [R] 2005
300 ## - DESCRIPCION FISICA [R]
Extensión [R] 167 páginas
Otros detalles físicos [NR] ilustraciones
500 ## - NOTA GENERAL [R]
Nota general [NR] "Este libro está avalado por el Comité Permanente por la Defensa de los Derechos Humanos."
500 ## - NOTA GENERAL [R]
Nota general [NR] Incluye índice
650 71 - ASIENTO SECUNDARIO DE MATERIA - TERMINO TEMATICO [R]
Término temático o nombre geográfico como elemento de entrada [NR] Derechos humanos
9 (RLIN) 7499
650 #7 - ASIENTO SECUNDARIO DE MATERIA - TERMINO TEMATICO [R]
Término temático o nombre geográfico como elemento de entrada [NR] Persecuciones
9 (RLIN) 21391
Subdivisión general [R] Historia
650 72 - ASIENTO SECUNDARIO DE MATERIA - TERMINO TEMATICO [R]
Término temático o nombre geográfico como elemento de entrada [NR] Persecuciones a los judíos
9 (RLIN) 21388
Subdivisión general [R] Historia
650 72 - ASIENTO SECUNDARIO DE MATERIA - TERMINO TEMATICO [R]
Término temático o nombre geográfico como elemento de entrada [NR] Persecuciones religiosas
9 (RLIN) 21391
Subdivisión general [R] Historia
690 ## - ASUNTO AGREGADO LOCAL DE ENTRADA - TÉRMINO TEMÁTICO (OCLC, RLIN)
Acceso temático local Derechos humanos
9 (RLIN) 7499
700 1# - ASIENTO SECUNDARIO - NOMBRE PERSONAL [R]
Nombre personal [NR] Arbeláez, Jotamario
Término de relación [R] prólogo
9 (RLIN) 77723
710 2# - ASIENTO SECUNDARIO - NOMBRE CORPORATIVO [R]
Nombre corporativo o de jurisdicción como elemento de entrada [NR] Comité Permanente por la Defensa de los Derechos Humanos (Colombia)
9 (RLIN) 77722
942 ## - ELEMENTOS DE ENTRADA AGREGADOS (KOHA)
Sistema de clasificación DEWEY
Tipo de ítem principal el descrito en 300a Libro
Tema principal Ciencia política
Edición 1
Clasificación 323.044
Parte restante de la signatura top. O668lm
Existencias
Fecha de último préstamo Total préstamos Total Renewals Signatura topográfica Código de barras Última vez visto Ejemplar Costo de reposición Price effective from Tipo de ítem Perdido Sistema de clasificación Dañado No prestable Tipo de ítem específico Suprimido Ubicación habitual Ubicación actual Localización Fecha de creación Proveedor Forma de adquisición Costo
07/02/2022 1 1 323.044 O668lm 100149713 05/06/2024 Ej.1 26000.00 25/05/2016 Libro   DEWEY     Libro   Bodega Bodega 3er piso 25/05/2016 12 Donación 0.00